Türkiye ekonomisi (Record no. 3880)

MARC details
000 -BAŞLIK
Sabit Uzunlukta Kontrol Alanı 00787na a2200277 4500
001 - KONTROL NUMARASI
Denetim Alanı 17714
003 - KONTROL NUMARASI IDENTIFIER
Denetim Alanı MIRAKIL
005 - SON İŞLEM TARİHİ VE ZAMANI
Denetim Alanı 20181213154946.0
008 - SABİT-BOY VERİ ELEMANLARI - GENEL BİLGİLER
Sabit Uzunlukta Kontrol Alanı 161103b tu 000 0
020 ## - ULUSLARARASI STANDART KİTAP NUMARASI
Uluslararası Standart Kitap Numarası 9751407176
040 ## - KATALOGLAMA KAYNAK
Orijinal Kataloglama Ajansı Milas
Kataloglama Dili tur
Metne Dönüştürmek Ajansı TR-AnCHP
041 ## - DİL KODU
Metin / Ses Parça Veya Ayrı Başlığın Dil Kodu tur
082 ## - DEWEY ONLU SINIFLANDIRMA NUMARASI
Sınıflandırma Numarası 330.9561
Ürün Numarası K36t 2000
090 ## - SINIFLAMA NUMARASI
Sınıflama Numarası 330.9561 K36t 2000
100 ## - ANA GİRİŞ - KİŞİSEL İSİM
Kişisel Ad Kepenek, Yakup
245 ## - BAŞLIK TABLOSU
Başlık Türkiye ekonomisi
Sorumluluk Tablosu, Vb Yakup Kepenek, Nurhan Yentürk
250 ## - EDITION TABLOSU
Baskı Beyanı gnşl. 11. bs.
260 ## - YAYIN, DAĞITIM, VB
Yayın, Dağıtım, Vb Yeri Istanbul
Yayıncı, Dağıtıcı, Vs Adı Remzi Kitabevi
Yayın, Dağıtım, Vb Tarihi 2000
300 ## - FİZİKSEL TANIM
Kapsam 563 s.
Diğer Fiziksel Ayrıntıları tbl. ; grf.
Boyutlar 24 sm.
490 ## - SERİSİ TABLOSU
Seri Beyanı Büyük Fikir Kitapları Dizisi
Hacim / Ardışık Tanımı 99
500 ## - GENEL NOT
Genel Not Yapıt yazarından imzalıdır.
504 ## - KAYNAKÇA VB NOT
Kaynakça Vb Notu Kaynakça ve dizin var.
651 ## - KONU KATMA GİRİŞ - COĞRAFİ ADI
Coğrafi İsim Türkiye
Genel Alt Bölümü Ekonomi
Kronolojik Alt Bölümü Tarih
700 ## - KATMA GİRİŞ - KİŞİSEL İSİM
Kişisel Ad Yentürk, Nurhan
942 ## - EKLENDİ GİRİŞ ELEMANLARI (KOHA)
Sınıflandırma Veya Raf Düzeni Kaynak Dewey Decimal Classification
Koha Öğesi Türü Books
999 ## - SİSTEM KONTROL NUMARALARI (KOHA)
Koha Biblionumber 3880
Koha Biblioitemnumber 3880
Holdings
Kalıcı Konum Mevcut Konum Edinme Tarihi Edinim Kaynak Seri Numaralandırma / Kronolojik Toplam Check-Out'Lar Tam Çağrı Numarası Barkod Tarih Son Görülme İtibaren Geçerli Fiyatlar Koha Öğesi Türü
CHP Kütüphanesi CHP Kütüphanesi 11/03/2016 Bağış c.5   330.9561 K36t 2000 008259 11/03/2016 11/03/2016 Books